Entwicklungen in der synoptischen Frage?

Saved in:  
Bibliographic Details
Main Author: Lentzen-Deis, Fritzleo 1928-1993 (Author)
Format: Electronic Article
Language:German
Check availability: HBZ Gateway
Interlibrary Loan:Interlibrary Loan for the Fachinformationsdienste (Specialized Information Services in Germany)
Published: 1980
In: Theologie und Philosophie
Year: 1980, Volume: 55, Issue: 4, Pages: 559-570
Standardized Subjects / Keyword chains:B Synoptic problem / New Testament / Research report
B New Testament / Research report
Further subjects:B Synoptic problem
Online Access: Volltext (kostenfrei)
Parallel Edition:Non-electronic

MARC

LEADER 00000caa a22000002c 4500
001 1903105374
003 DE-627
005 20241129172643.0
007 cr uuu---uuuuu
008 240923s1980 xx |||||o 00| ||ger c
024 7 |a 10.60720/thph.v55i4.96055  |2 doi 
035 |a (DE-627)1903105374 
035 |a (DE-599)KXP1903105374 
040 |a DE-627  |b ger  |c DE-627  |e rakwb 
041 |a ger 
084 |a 1  |2 ssgn 
100 1 |0 (DE-588)118121014  |0 (DE-627)079256031  |0 (DE-576)29172602X  |4 aut  |a Lentzen-Deis, Fritzleo  |d 1928-1993 
109 |a Lentzen-Deis, Fritzleo 1928-1993  |a Deis, Fritzleo Lentzen- 1928-1993 
245 1 0 |a Entwicklungen in der synoptischen Frage? 
264 1 |c 1980 
336 |a Text  |b txt  |2 rdacontent 
337 |a Computermedien  |b c  |2 rdamedia 
338 |a Online-Ressource  |b cr  |2 rdacarrier 
506 |a [DE-21]Open Access  |e Controlled Vocabulary for Access Rights  |u http://purl.org/coar/access_right/c_abf2 
533 |a Reproduktion  |d 2023  |7 |2023|||||||||| 
540 |a [DE-21]Urheberrechtsschutz 1.0  |2 rs  |u https://rightsstatements.org/page/InC/1.0/?language=en 
650 0 7 |0 (DE-588)4124278-6  |0 (DE-627)105748900  |0 (DE-576)209566795  |a Synoptische Frage  |2 gnd 
689 0 0 |d s  |0 (DE-588)4124278-6  |0 (DE-627)105748900  |0 (DE-576)209566795  |2 gnd  |a Synoptische Frage 
689 0 1 |d u  |0 (DE-588)4041771-2  |0 (DE-627)106217658  |0 (DE-576)209046724  |a Bibel  |2 gnd  |p Neues Testament 
689 0 2 |d s  |0 (DE-588)4155043-2  |0 (DE-627)10467444X  |0 (DE-576)209815833  |2 gnd  |a Forschungsbericht 
689 0 |5 (DE-627) 
689 1 0 |d u  |0 (DE-588)4041771-2  |0 (DE-627)106217658  |0 (DE-576)209046724  |a Bibel  |2 gnd  |p Neues Testament 
689 1 1 |d s  |0 (DE-588)4155043-2  |0 (DE-627)10467444X  |0 (DE-576)209815833  |2 gnd  |a Forschungsbericht 
689 1 |5 (DE-627) 
773 0 8 |i Enthalten in  |t Theologie und Philosophie  |d Freiburg, Br. : Herder, 1966  |g 55(1980), 4, Seite 559-570  |h Online-Ressource  |w (DE-627)581032020  |w (DE-600)2454665-3  |w (DE-576)478118481  |x 2626-5346  |7 nnas 
773 1 8 |g volume:55  |g year:1980  |g number:4  |g pages:559-570 
776 0 8 |i Elektronische Reproduktion von  |a Lentzen-Deis, Fritzleo, 1928 - 1993  |t Entwicklungen in der synoptischen Frage?  |d 1980  |w (DE-627)1864078472  |w (DE-576)463397320  |k Non-Electronic 
856 4 0 |u https://doi.org/10.60720/thph.v55i4.96055  |x Digitalisierung  |z kostenfrei  |3 Volltext  |7 0 
935 |a mteo  |a BIIN  |a DTH5 
951 |a AR 
BIB |a 1 
ELC |a 1 
ITA |a 1  |t 1 
LOK |0 000 xxxxxcx a22 zn 4500 
LOK |0 001 4582425364 
LOK |0 003 DE-627 
LOK |0 004 1903105374 
LOK |0 005 20240923100820 
LOK |0 008 240923||||||||||||||||ger||||||| 
LOK |0 040   |a DE-Tue135  |c DE-627  |d DE-Tue135 
LOK |0 092   |o n 
LOK |0 852   |a DE-Tue135 
LOK |0 852 1  |9 00 
LOK |0 935   |a ixzs 
LOK |0 939   |a 23-09-24  |b l01 
OAS |a 1 
ORI |a SA-MARC-ixtheoa001.raw 
STA 0 0 |a Research report,Synoptic problem 
STB 0 0 |a Problème synoptique,Rapport de recherche 
STC 0 0 |a Cuestión sinóptica,Informe de la investigación 
STD 0 0 |a Questione sinottica,Rapporto tecnico 
STE 0 0 |a 对观福音问题,符类福音问题 
STF 0 0 |a 對觀福音問題,符類福音問題 
STG 0 0 |a Questão sinótica,Relatório da pesquisa 
STH 0 0 |a Отчёт об исследовании,Синоптический вопрос 
STI 0 0 |a Ερευνητική έκθεση,Συνοπτική ερώτηση 
SUB |a BIB 
SYE 0 0 |a Synoptisches Problem 
SYG 0 0 |a Synoptisches Problem , Centenary translation of the New Testament,Bibel,Neues Testament,Septembertestament,Das Newe Testament Deutzsch,Bibel,Septembertestament,Bibel,Die Botschaft Gottes,Greek New Testament,Greek New Testament,The Greek New Testament,GNT,Neues Testament,Novum Testamentum,Testamentum novum,Nor Ktakaran,Novijat Zavet,Novyj Zapovit,Das Neue Testament,Le Nouveau Testament,Il Nouv Testamaint,The New Testament,Nuevo Testamento,Novʹy Zákon,Novi Javjet,Novo Testamento,Novyj Zavet,Nowy Testament,Nowý Zákon,U`j Szövetség,U`j Testamentom,Die Heilige Schrift des Neuen Testaments,Det Ny Testamente,Det Nya Testamentet,Il Nuovo Testamento,Ds Nöie Teschtamänt,Hab-berit ha-ḥadaša,Sifrê hab-berit ha-ḥadaša,Niev Testament,Novum Testamentum Graece,The Greek New Testament,Novum Testamentum Graece et Latine,E Kainē diathēkē,al- ʿAhd al-ǧadīd li rabbinā wa muḫalliṣinā Yasūʿa ăl-masīḥ,al- ʿAhd al-ǧadīd,S@nöie Teschdamänt,Se Wsi Testamenti,Tèstamènt nobo,Mkpaman Elat,Bible,N.T.,Uus Testament , Centenary translation of the New Testament,Bibel,Neues Testament,Septembertestament,Das Newe Testament Deutzsch,Bibel,Septembertestament,Bibel,Die Botschaft Gottes,Greek New Testament,Greek New Testament,The Greek New Testament,GNT,Neues Testament,Novum Testamentum,Testamentum novum,Nor Ktakaran,Novijat Zavet,Novyj Zapovit,Das Neue Testament,Le Nouveau Testament,Il Nouv Testamaint,The New Testament,Nuevo Testamento,Novʹy Zákon,Novi Javjet,Novo Testamento,Novyj Zavet,Nowy Testament,Nowý Zákon,U`j Szövetség,U`j Testamentom,Die Heilige Schrift des Neuen Testaments,Det Ny Testamente,Det Nya Testamentet,Il Nuovo Testamento,Ds Nöie Teschtamänt,Hab-berit ha-ḥadaša,Sifrê hab-berit ha-ḥadaša,Niev Testament,Novum Testamentum Graece,The Greek New Testament,Novum Testamentum Graece et Latine,E Kainē diathēkē,al- ʿAhd al-ǧadīd li rabbinā wa muḫalliṣinā Yasūʿa ăl-masīḥ,al- ʿAhd al-ǧadīd,S@nöie Teschdamänt,Se Wsi Testamenti,Tèstamènt nobo,Mkpaman Elat,Bible,N.T.,Uus Testament